00317nam a2200133Ia 4500008004100000020001500041041000800056082001600064100001600080245004200096260002500138300000800163365001200171140306s9999 xx 000 0 und d a8172882386 aeng a658bSAX/PR aSaxena, S C aPrinciples and Practice of Management aAgrabSahitya Bhawan a329 bRs.60/-